World champions who have been coached by Guardiola - Statistics

Statistiche generali
  • Questo quiz è stato fatto 41 volte
  • Il punteggio medio è 16 su 26
Statistiche sulle risposte
Nationality Risposta % Corretto
ESP Andrés Iniesta
100%
ARG Lionel Messi
100%
ESP Carles Puyol
89%
GER Manuel Neuer
89%
GER Thomas Muller
89%
ESP David Villa
83%
ESP Gerard Piqué
83%
GER Philipp Lahm
81%
ESP Sergio Busquets
78%
ARG Julian Alvarez
72%
ESP Xavi Hernandez
69%
GER Mario Gotze
67%
ESP Victor Valdés
67%
ESP Cesc Fabregas
64%
GER Bastian Schweinsteiger
58%
GER Jerome Boateng
58%
ESP Xabi Alonso
53%
GER Toni Kroos
47%
FRA Benjamin Mendy
44%
ESP David Silva
44%
ARG Nicolas Otamendi
42%
ESP Javi Martinez
28%
ESP Jesus Navas
28%
ESP Pedro Rodriguez
25%
ESP Pepe Reina
19%
FRA Thierry Henry
19%
Nessun quiz corrispondente trovato
Distribuzione punteggi
Percentuale di utenti per punteggio
Percentile per numero di risposta
I tuoi punteggi nel tempo
Non hai fatto questo quiz